[Event "Vilafranca del Penedes op 7th"]
[Site "Vilafranca del Penedes"]
[Date "2013.05.03"]
[Round "5"]
[White "Canales Garcia, Vicenc"]
[Black "Gallegos Gomez, Jacinto"]
[Result "1-0"]
[WhiteElo "2030"]
[BlackElo "1756"]
[PlyCount "77"]
[EventDate "2013.04.05"]
[EventType "swiss"]
[EventRounds "8"]
[EventCountry "ESP"]
[SourceTitle "EXT 2014"]
[Source "ChessBase"]
[SourceDate "2013.11.20"]
[SourceVersion "1"]
[SourceVersionDate "2013.11.20"]
[SourceQuality "1"]

1. d4 Nc6 2. c4 e5 3. d5 Nce7 4. Bg5 Nf6 5. Nc3 Ng6 6. h4 h6 7. Bd2 h5 8. Nf3 a6 9. Bg5 Be7 10. e3 Ng4 11. Bd3 Nf8 12. Bxe7 Qxe7 13. Qa4 g6 14. Nb5 Qd8 15. d6 axb5 16. Qxa8 cxd6 17. cxb5 Ne6 18. 0-0 0-0 19. Rac1 Nc5 20. Be2 b6 21. b4 Ne6 22. Qd5 Nf6 23. Qxd6 e4 24. Ne5 Ne8 25. Qd2 d6 26. g3 Bb7 27. Nc6 Qf6 28. Nd4 d5 29. a4 Nd6 30. a5 Nxd4 31. Qxd4 Qxd4 32. exd4 Nf5 33. Rfd1 e3 34. Rc7 exf2+ 35. Kxf2 Bc8 36. axb6 Nd6 37. Ra1 Ne4+ 38. Kg2 Bf5 39. b7 1-0

[Event "Figueres op 10th"]
[Site "Figueres"]
[Date "2009.08.07"]
[Round "8"]
[White "Gallegos Gomez, Jacinto"]
[Black "Franch Bessa, Julia"]
[Result "0-1"]
[WhiteElo "1646"]
[BlackElo "1712"]
[PlyCount "94"]
[EventDate "2009.08.01"]
[EventType "swiss"]
[EventRounds "9"]
[EventCountry "ESP"]
[SourceTitle "EXT 2010"]
[Source "ChessBase"]
[SourceDate "2010.11.25"]
[SourceVersion "1"]
[SourceVersionDate "2010.11.25"]
[SourceQuality "1"]

1. Nc3 e6 2. e4 d5 3. d4 Nf6 4. e5 Nfd7 5. Nf3 c5 6. Be2 cxd4 7. Qxd4 Bc5 8. Qg4 Bf8 9. Nb5 Nc6 10. Nd6+ Bxd6 11. exd6 Qf6 12. 0-0 h5 13. Qf4 Qxf4 14. Bxf4 Nc5 15. Bb5 a6 16. Bxc6+ bxc6 17. Ne5 Bd7 18. Be3 Ne4 19. Nxd7 Kxd7 20. c4 Nxd6 21. c5 Nf5 22. Bf4 f6 23. h3 e5 24. Bh2 g5 25. g4 hxg4 26. hxg4 Ng7 27. Bg3 a5 28. a3 a4 29. Rfb1 Rhb8 30. Kg2 Ne6 31. f3 Nxc5 32. Bf2 Nb3 33. Ra2 Rc8 34. Rh1 Ke6 35. Rh7 c5 36. Kf1 c4 37. Be1 Rd8 38. Bb4 Rd7 39. Rh2 d4 40. Ke1 d3 41. Kd1 Rad8 42. Bc3 Kf7 43. Bd2 Kg6 44. Bc3 Rh7 45. Rxh7 Kxh7 46. Ke1 Kg6 47. Bd2 Rh8 0-1

[Event "Figueres op 10th"]
[Site "Figueres"]
[Date "2009.08.03"]
[Round "4"]
[White "Toste Nieto, Alexandre"]
[Black "Gallegos Gomez, Jacinto"]
[Result "0-1"]
[WhiteElo "1820"]
[BlackElo "1646"]
[PlyCount "62"]
[EventDate "2009.08.01"]
[EventType "swiss"]
[EventRounds "9"]
[EventCountry "ESP"]
[SourceTitle "EXT 2010"]
[Source "ChessBase"]
[SourceDate "2010.11.25"]
[SourceVersion "1"]
[SourceVersionDate "2010.11.25"]
[SourceQuality "1"]

1. d4 e6 2. c4 f5 3. Nc3 Nf6 4. Nf3 d6 5. e3 Be7 6. Bd3 0-0 7. 0-0 d5 8. Rb1 c5 9. cxd5 exd5 10. dxc5 Bxc5 11. b4 Be7 12. Nd4 Ne4 13. Qc2 Nc6 14. Nxd5 Nxd4 15. exd4 Bd6 16. Re1 Be6 17. f3 Bxh2+ 18. Kh1 Bg3 19. Bf4 Qh4+ 20. Kg1 Bxe1 21. fxe4 Bxd5 22. exd5 Qxf4 23. Rxe1 Qxd4+ 24. Kf1 Rac8 25. Qe2 Rce8 26. Qf3 Rxe1+ 27. Kxe1 Re8+ 28. Kd2 f4 29. Qf1 Re3 30. a3 Qb2+ 31. Bc2 Qc3+ 0-1

[Event "Vilafranca del Penedes op 3rd"]
[Site "Vilafranca del Penedes"]
[Date "2009.06.12"]
[Round "8.9"]
[White "Gallegos Gomez, Jacinto"]
[Black "Rodriguez Becerro, Miquel"]
[Result "0-1"]
[WhiteElo "1646"]
[BlackElo "2119"]
[PlyCount "110"]
[EventDate "2009.04.17"]
[EventType "swiss"]
[EventRounds "8"]
[EventCountry "ESP"]
[SourceTitle "EXT 2024"]
[Source "ChessBase"]
[SourceDate "2023.10.10"]
[SourceVersion "1"]
[SourceVersionDate "2023.10.10"]
[SourceQuality "1"]

1. Nc3 Nf6 2. Nf3 g6 3. d4 Bg7 4. e4 d6 5. Be2 0-0 6. 0-0 c6 7. Bg5 Qc7 8. Qd2 Re8 9. Rad1 Nbd7 10. Bh6 Bh8 11. Nh4 Nf8 12. Kh1 e5 13. dxe5 dxe5 14. Nf5 Ne6 15. Ng3 Bd7 16. f4 exf4 17. Bxf4 Nxf4 18. Qxf4 Qxf4 19. Rxf4 Be6 20. Re1 Rad8 21. Bd3 Nd7 22. Rff1 Ne5 23. Rd1 Ng4 24. Rde1 Bd4 25. Re2 a6 26. Nd1 Bb6 27. b3 h5 28. e5 Bd5 29. Nc3 Rxe5 30. Nge4 f5 31. Nxd5 cxd5 32. Nf6+ Kg7 33. Nxg4 Rxe2 34. Bxe2 hxg4 35. g3 Re8 36. Bd3 Kf6 37. Kg2 Re5 38. a4 Ba5 39. Kh1 Re3 40. Kg2 Ke5 41. Kh1 Rf3 42. Kg2 Re3 43. Kh1 Kd4 44. Rd1 Kc3 45. Kg2 Bb6 46. Kh1 Rf3 47. Kg2 Rf2+ 48. Kh1 Be3 49. Re1 d4 50. Rb1 a5 51. Rd1 Rxc2 52. Bxc2 Kxc2 53. Re1 d3 54. Rxe3 d2 55. Re2 Kd3 0-1